Statistics for Flags Up Close

Click here to take the quiz!

General Stats

  • This quiz has been taken 28 times
  • The average score is 12 of 15

Answer Stats

Answer% Correct
Albania
100%
Kazakhstan
90%
Eswatini
86%
Jamaica
86%
Macedonia
86%
Qatar
86%
Zambia
86%
Comoros
81%
Djibouti
81%
Haiti
81%
Laos
81%
Nauru
76%
Papua New Guinea
76%
East Timor
71%
Guinea Bissau
62%

Score Distribution

Percentile by Number Answered

Percent of People with Each Score

Your Score History

You have not taken this quiz